000
00279nam a22001097a 4500
082
_a
355.4 CLA'K
100
_a
KHAN, AMIR AFZAL (MAJOR) RETD
_9
74999
245
_a
CLAUSVITZ OUR JANG NAZRIA-O-PHALSAFA
260
_a
RAWALPINDI
_b
FEROZ SONS
_c
1982
300
_a
VOL-2&3
942
_c
BK
999
_c
580496
_d
580496